Geoff Brewer of Brewer Consulting considers the ownership of plant following receivership (Record no. 69370)
[ view plain ]
| 000 -LEADER | |
|---|---|
| fixed length control field | 01203cam a2200229 4500 |
| 001 - CONTROL NUMBER | |
| control field | ABS64982 |
| 008 - FIXED-LENGTH DATA ELEMENTS--GENERAL INFORMATION | |
| fixed length control field | 020128n2001 000 0 eng u |
| 035 ## - SYSTEM CONTROL NUMBER | |
| System control number | (Sirsi) u116498 |
| 100 ## - MAIN ENTRY--PERSONAL NAME | |
| Personal name | Brewer, G |
| 245 ## - TITLE STATEMENT | |
| Title | Geoff Brewer of Brewer Consulting considers the ownership of plant following receivership |
| 260 ## - PUBLICATION, DISTRIBUTION, ETC. | |
| Date of publication, distribution, etc. | 2001 |
| 490 ## - SERIES STATEMENT | |
| Series statement | Contract Journal |
| Volume/sequential designation | 411(6356) 5 December 2001, 21(1) |
| 520 ## - SUMMARY, ETC. | |
| Summary, etc. | Discusses the case "Smith (Administrator of Cosslett Ltd (contractors)) v Bridgend County Borough Council" which raised the issue of whether the ICE Conditions give effective transfer of title in constructional plant following the insolvency of the contractor. Considers the implication that the standard wording of the ICE Contracts does not transfer title to the employer but instead creates a 'floating charge' which will be ineffective unless registered under the Companies Act. |
| 590 ## - LOCAL NOTE (RLIN) | |
| Local note | ABS |
| 650 ## - SUBJECT ADDED ENTRY--TOPICAL TERM | |
| Topical term or geographic name entry element | ICE FORMS OF CONTRACT |
| 650 ## - SUBJECT ADDED ENTRY--TOPICAL TERM | |
| Topical term or geographic name entry element | SMITH (ADMINISTRATOR OF COSLETT LTD (CONTRACTORS)) V BRIDGEND CBC |
| 650 ## - SUBJECT ADDED ENTRY--TOPICAL TERM | |
| Topical term or geographic name entry element | OWNERSHIP |
| 650 ## - SUBJECT ADDED ENTRY--TOPICAL TERM | |
| Topical term or geographic name entry element | TRANSFER OF TITLE |
| 650 ## - SUBJECT ADDED ENTRY--TOPICAL TERM | |
| Topical term or geographic name entry element | CONSTRUCTIONAL PLANT |
| 690 ## - LOCAL SUBJECT ADDED ENTRY--TOPICAL TERM (OCLC, RLIN) | |
| Topical term or geographic name as entry element | BUILDING AND CONSTRUCTION-CONTRACTS-OTHER CONTRACTS |
| 942 ## - ADDED ENTRY ELEMENTS (KOHA) | |
| Suppress in OPAC | 0 |
| Withdrawn status | Lost status | Source of classification or shelving scheme | Damaged status | Not for loan | Home library | Current library | Shelving location | Date acquired | Total Checkouts | Full call number | Barcode | Date last seen | Copy number | Price effective from | Koha item type |
|---|---|---|---|---|---|---|---|---|---|---|---|---|---|---|---|
| Dewey Decimal Classification | London | London | Journal article | 28/01/2002 | ABS64982 | 116498-1001 | 06/08/2019 | 1 | 06/08/2019 | Journal article |